[Event "FIDE World Rapid-ch Open 2018"]
[White "Le, Quang Liem"]
[Black "Teske, Henrik"]
[Site "St. Petersburg"]
[Round "3.37"]
[Annotator "ChessBase"]
[Result "1-0"]
[Date "2018.12.26"]
[WhiteElo "2714"]
[BlackElo "2483"]
[PlyCount "65"]
[TimeControl "900+10"]

1. e4 {[%emt 0:0:0]} e6 {[%emt 0:0:0]} 2. d4 {[%emt 0:0:0]} d5 {[%emt 0:0:0]} 3. Nc3 {[%emt 0:0:0]} dxe4 {[%emt 0:0:0]} 4. Nxe4 {[%emt 0:0:3]} Bd7 {[%emt 0:0:2]} 5. Nf3 {[%emt 0:0:6]} Bc6 {[%emt 0:0:2]} 6. Bd3 {[%emt 0:0:2]
} Nd7 {[%emt 0:0:3]} 7. 0-0 {[%emt 0:0:5]} Ngf6 {[%emt 0:0:0]} 8. Ng3 {[%emt 0:0:3]} Bd6 {[%emt 0:0:19]} 9. Re1 {[%emt 0:0:16]} 0-0 {[%emt 0:0:12]
} 10. Ne5 {[%emt 0:0:5]} Bxe5 {[%emt 0:0:49]} 11. dxe5 {[%emt 0:0:3]
} Nd5 {[%emt 0:0:3]} 12. Qh5 {[%emt 0:1:23]} g6 {[%emt 0:0:0]} 13. Qh6 {[%emt 0:0:7]} f5 {[%emt 0:0:8]} 14. exf6 {[%emt 0:0:24]} Qxf6 {[%emt 0:0:9]} 15. Ne4 {[%emt 0:0:21]} Qg7 {[%emt 0:0:32]} 16. Qh4 {[%emt 0:0:49]
} Rfe8 {[%emt 0:1:6]} 17. Bh6 {[%emt 0:1:49]} Qxb2 {[%emt 0:0:0]} 18. Ng5 {[%emt 0:0:3]} Qf6 {[%emt 0:0:21]} 19. Rad1 {[%emt 0:0:16]} Rad8 {[%emt 0:1:1]} 20. Bc4 {[%emt 0:0:35]} b5 {[%emt 0:1:19]} 21. Bf1 {[%emt 0:1:3]
} e5 {[%emt 0:2:20]} 22. c4 {[%emt 0:0:30]} bxc4 {[%emt 0:0:0]} 23. Bxc4 {[%emt 0:0:3]} N7b6 {[%emt 0:0:4]} 24. Bb3 {[%emt 0:0:3]} a5 {[%emt 0:0:40]} 25. a3 {[%emt 0:0:31]} Qf4 {[%emt 0:2:20]} 26. Qxf4 {[%emt 0:1:12]
} exf4 {[%emt 0:0:2]} 27. Ne6 {[%emt 0:0:3]} Rd6 {[%emt 0:0:0]} 28. Nxc7 {[%emt 0:0:13]} Rxe1+ {[%emt 0:0:35]} 29. Rxe1 {[%emt 0:0:2]} Rd7 {[%emt 0:1:8]} 30. Bxf4 {[%emt 0:0:57]} a4 {[%emt 0:0:22]} 31. Ba2 {[%emt 0:0:12]
} Kg7 {[%emt 0:0:15]} 32. Ne6+ {[%emt 0:0:5]} Kf6 {[%emt 0:0:0]} 33. Bg5+ {[%emt 0:0:5]} 1-0

[Event "FIDE World Rapid-ch Open 2018"]
[White "Tregubov, Pavel V."]
[Black "Grischuk, Alexander"]
[Site "St. Petersburg"]
[Round "3.38"]
[Annotator "TA"]
[Result "0-1"]
[Date "2018.12.26"]
[WhiteElo "2592"]
[BlackElo "2771"]
[PlyCount "96"]

1. d4 {} Nf6 2. c4 g6 3. g3 Bg7 4. Bg2 0-0 5. Nc3 d6 6. Nf3 Nbd7 7. 0-0 e5 8. e4 exd4 9. Nxd4 Re8 10. Rb1 {E68: King's Indian:
Fianchetto: 6...Nbd7 7 0-0 e5 8 e4} Nc5 { LiveBook: 4 Games} 11. f3 c6 12. Be3 {White has an edge.} Qc7 $146 ({Predecessor:} 12... d5 13. Nc2 Na6 14. cxd5 cxd5 15. Bg5 Qb6+ 16. Kh1 {1/2-1/2 (79) Bauer,C (2636)-Le Roux,J 
(2539) Nimes 2018} )13. Qd2 b6 14. b4 Ne6 15. b5 Nxd4 16. Bxd4 Be6 17. bxc6 Qxc6 18. Nd5 Nd7 $1 19. Bxg7 Kxg7 20. f4 Rac8 21. Rbc1 f6 ({Black should play} 21... Bxd5 $11 22. cxd5 Qa4 )22. Kh1 Qc5 23. Rfd1 (23. Ne3 $14 )Bg4 24. Re1 Be6 25. Qb2 (25. Ne3 $14 )Bxd5 $1 $11 26. cxd5 Qa5 27. g4 h6 28. Rf1 Rxc1 29. Rxc1 Rc8 30. Rf1 (30. h4 $1 $15 Rxc1+ 31. Qxc1 )Qc3 $17 31. Qb5 Rc7 32. Qe2 Qc2 $36 { Keeping White busy.} 33. Qe1 Qb2 (33... Qxa2 $19 {is more deadly.} 34. Qb4 Rc5 )34. g5 (34. h4 $17 {was necessary.} )hxg5 $19 ({But not} 34... fxg5 35. e5 $17 )(34... Qxa2 35. gxf6+ Nxf6 36. e5 $18 )35. fxg5 fxg5 36. Qg3 Qe5 37. Qf2 Nf6 38. h3 Rc8 39. Kg1 Rc5 40. Qd2 Rc3 41. Rc1 Rc5 $2 {[#]} ({Weaker is} 41... Nxe4 42. Bxe4 Rxc1+ 43. Qxc1 $17 )(41... Rxc1+ $19 42. Qxc1 g4 )42. Rxc5 $4 {} (42. Rf1 $11 {and White
stays safe.} )bxc5 43. Qa5 Qe7 ({Not} 43... Nxe4 44. Qxa7+ Kh6 45. Qb8 $17 )44. Qa4 g4 45. e5 $2 {[#]} (45. hxg4 Nxg4 46. Bh3 )Qxe5 {Black is
clearly winning.} 46. hxg4 Kh6 47. Qd1 Qd4+ 48. Qxd4 cxd4 {Accuracy: White =
19%, Black = 59%.} 0-1

[Event "FIDE World Rapid-ch Open 2018"]
[White "Guseinov, Gadir"]
[Black "Gasanov, Eldar"]
[Site "St. Petersburg"]
[Round "3.39"]
[Annotator "ChessBase"]
[Result "1-0"]
[Date "2018.12.26"]
[WhiteElo "2664"]
[BlackElo "2499"]
[PlyCount "122"]
[TimeControl "900+10"]

1. e4 {[%emt 0:0:0]} Nc6 {[%emt 0:0:0]} 2. Nf3 {[%emt 0:0:5]} d6 {[%emt 0:0:0]
} 3. d4 {[%emt 0:0:9]} Nf6 {[%emt 0:0:4]} 4. Nc3 {[%emt 0:0:0]} g6 {[%emt 0:0:4]} 5. Be2 {[%emt 0:0:13]} Bg7 {[%emt 0:0:6]} 6. 0-0 {[%emt 0:0:2]
} 0-0 {[%emt 0:0:22]} 7. d5 {[%emt 0:0:1]} Nb8 {[%emt 0:0:15]
} 8. Bf4 {[%emt 0:0:2]} e5 {[%emt 0:0:33]} 9. dxe6 {[%emt 0:0:6]} Bxe6 {[%emt 0:0:6]
} 10. Qd2 {[%emt 0:0:5]} Nc6 {[%emt 0:0:21]} 11. Rad1 {[%emt 0:0:30]
} Re8 {[%emt 0:0:32]} 12. Rfe1 {[%emt 0:0:4]} Ng4 {[%emt 0:0:0]} 13. Ng5 {[%emt 0:0:16]} Bd7 {[%emt 0:0:48]} 14. Nf3 {[%emt 0:1:33]} a6 {[%emt 0:3:47]} 15. h3 {[%emt 0:0:13]} Nge5 {[%emt 0:0:36]} 16. Nxe5 {[%emt 0:0:2]
} Nxe5 {[%emt 0:0:21]} 17. Bg5 {[%emt 0:0:2]} f6 {[%emt 0:0:0]} 18. Bh6 {[%emt 0:0:1]} Bxh6 {[%emt 0:0:44]} 19. Qxh6 {[%emt 0:0:2]} Nf7 {[%emt 0:0:22]} 20. Qf4 {[%emt 0:0:50]} Kg7 {[%emt 0:0:27]} 21. Bc4 {[%emt 0:0:38]
} Be6 {[%emt 0:0:21]} 22. Bf1 {[%emt 0:0:9]} Qe7 {[%emt 0:0:0]} 23. Qg3 {[%emt 0:0:3]} c6 {[%emt 0:0:37]} 24. Ne2 {[%emt 0:0:1]} Rad8 {[%emt 0:0:12]} 25. Nf4 {[%emt 0:0:5]} Bc8 {[%emt 0:0:13]} 26. c4 {[%emt 0:0:0]} Qe5 {[%emt 0:0:18]} 27. b3 {[%emt 0:0:0]} Ng5 {[%emt 0:1:24]} 28. Bd3 {[%emt 0:0:14]} Kh8 {[%emt 0:1:5]} 29. Qe3 {[%emt 0:0:37]} Kg7 {[%emt 0:0:17]
} 30. Bc2 {[%emt 0:0:13]} Qc5 {[%emt 0:0:30]} 31. Qg3 {[%emt 0:0:0]} Qe5 {[%emt 0:0:5]} 32. Qe3 {[%emt 0:1:6]} a5 {[%emt 0:0:15]} 33. h4 {[%emt 0:1:37]} Nf7 {[%emt 0:0:9]} 34. Qg3 {[%emt 0:0:16]} Kh8 {[%emt 0:0:0]} 35. Qf3 {[%emt 0:0:2]} Nh6 {[%emt 0:0:12]} 36. Nd3 {[%emt 0:0:14]} Qe7 {[%emt 0:0:19]} 37. Qe3 {[%emt 0:0:14]} Ng4 {[%emt 0:0:15]} 38. Qb6 {[%emt 0:0:5]
} a4 {[%emt 0:0:33]} 39. bxa4 {[%emt 0:0:15]} Ne5 {[%emt 0:0:0]} 40. Nxe5 {[%emt 0:0:18]} dxe5 {[%emt 0:0:2]} 41. a5 {[%emt 0:0:16]} Kg7 {[%emt 0:0:30]} 42. a6 {[%emt 0:0:14]} bxa6 {[%emt 0:0:5]} 43. Qxc6 {[%emt 0:0:1]
} Be6 {[%emt 0:0:12]} 44. Bb3 {[%emt 0:0:20]} a5 {[%emt 0:0:0]} 45. Qb6 {[%emt 0:0:1]} Ra8 {[%emt 0:0:57]} 46. Ba4 {[%emt 0:0:46]} Reb8 {[%emt 0:0:10]} 47. Qe3 {[%emt 0:0:2]} Qb4 48. Bb5 Rd8 {[%emt 0:1:0]} 49. a3 {[%emt 0:1:22]} Qe7 {[%emt 0:0:8]} 50. c5 {[%emt 0:0:4]} Qc7 {[%emt 0:0:17]
} 51. a4 {[%emt 0:0:12]} h5 {[%emt 0:0:5]} 52. c6 {[%emt 0:0:0]} Bg4 {[%emt 0:0:8]} 53. f3 {[%emt 0:0:22]} Be6 {[%emt 0:0:1]} 54. Qc5 {[%emt 0:0:0]} Rab8 {[%emt 0:0:13]} 55. Kh2 {[%emt 0:0:9]} Bb3 {[%emt 0:0:0]} 56. Rxd8 {[%emt 0:0:49]} Rxd8 {[%emt 0:0:3]} 57. Rb1 {[%emt 0:0:2]
} Bf7 {[%emt 0:0:9]} 58. Bc4 {[%emt 0:0:4]} Rc8 {[%emt 0:0:38]} 59. Bxf7 {[%emt 0:0:27]
} Qxf7 {[%emt 0:0:3]} 60. Rb7 {[%emt 0:0:8]} Rc7 {[%emt 0:0:0]} 61. Qb6 {[%emt 0:0:3]} Kh8 1-0

[Event "FIDE World Rapid-ch Open 2018"]
[White "Sjugirov, Sanan"]
[Black "Yilmaz, Mustafa"]
[Site "St. Petersburg"]
[Round "3.40"]
[Annotator "ChessBase"]
[Result "1-0"]
[Date "2018.12.26"]
[WhiteElo "2663"]
[BlackElo "2636"]
[PlyCount "149"]
[TimeControl "900+10"]

1. d4 {[%emt 0:0:32]} Nf6 {[%emt 0:0:0]} 2. c4 {[%emt 0:0:10]} e6 {[%emt 0:0:0]} 3. Nc3 {[%emt 0:0:4]} c5 {[%emt 0:0:8]} 4. d5 {[%emt 0:0:9]} exd5 {[%emt 0:0:1]} 5. cxd5 {[%emt 0:0:1]} d6 {[%emt 0:0:2]} 6. e4 {[%emt 0:0:0]} g6 {[%emt 0:0:1]} 7. f4 {[%emt 0:0:12]} Bg7 {[%emt 0:0:4]} 8. Bb5+ {[%emt 0:0:4]} Nfd7 {[%emt 0:0:2]} 9. a4 {[%emt 0:0:19]} 0-0 {[%emt 0:0:0]} 10. Nf3 {[%emt 0:0:5]} Na6 {[%emt 0:0:3]} 11. 0-0 {[%emt 0:0:33]} Nb4 {[%emt 0:0:3]} 12. Kh1 {[%emt 0:2:48]} a6 {[%emt 0:0:36]} 13. Be2 {[%emt 0:0:0]} Re8 {[%emt 0:2:5]} 14. f5 {[%emt 0:1:1]} Nf6 {[%emt 0:1:0]} 15. Bg5 {[%emt 0:0:22]} h6 {[%emt 0:0:57]} 16. Bxf6 {[%emt 0:1:19]} Bxf6 {[%emt 0:0:7]
} 17. fxg6 {[%emt 0:0:13]} fxg6 {[%emt 0:0:1]} 18. Qd2 {[%emt 0:0:27]
} Bg7 {[%emt 0:0:56]} 19. h3 {[%emt 0:2:57]} b6 {[%emt 0:0:19]
} 20. Bc4 {[%emt 0:0:36]} Ra7 {[%emt 0:3:1]} 21. e5 {[%emt 0:0:16]} dxe5 {[%emt 0:2:58]
} 22. Rae1 {[%emt 0:0:1]} Bf5 {[%emt 0:0:36]} 23. d6+ {[%emt 0:0:6]
} Kh8 {[%emt 0:0:19]} 24. g4 {[%emt 0:0:23]} e4 {[%emt 0:3:46]
} 25. gxf5 {[%emt 0:0:5]} exf3 {[%emt 0:0:2]} 26. Rxe8+ {[%emt 0:0:50]} Qxe8 {[%emt 0:0:1]} 27. Be6 {[%emt 0:0:11]} Qc6 {[%emt 0:1:46]} 28. d7 {[%emt 0:3:6]
} f2+ {[%emt 0:0:5]} 29. Qd5 {[%emt 0:0:9]} Qxd5+ {[%emt 0:0:0]} 30. Nxd5 {[%emt 0:0:1]} Rxd7 {[%emt 0:0:14]} 31. Bxd7 {[%emt 0:0:0]} Nxd5 {[%emt 0:0:2]} 32. Rxf2 {[%emt 0:0:2]} Bd4 {[%emt 0:0:14]} 33. Re2 {[%emt 0:0:17]} gxf5 {[%emt 0:0:12]} 34. Bxf5 {[%emt 0:0:2]} Ne3 {[%emt 0:0:4]
} 35. Bd3 {[%emt 0:0:22]} a5 {[%emt 0:0:8]} 36. b3 {[%emt 0:0:0]} Kg7 {[%emt 0:0:3]} 37. Rf2 {[%emt 0:0:11]} Nd1 {[%emt 0:0:10]} 38. Rg2+ {[%emt 0:0:3]} Kf7 {[%emt 0:0:6]} 39. Bc4+ {[%emt 0:0:7]} Kf6 {[%emt 0:0:2]
} 40. Rg8 {[%emt 0:0:3]} Be5 {[%emt 0:0:30]} 41. Re8 {[%emt 0:0:0]} Kf5 {[%emt 0:0:10]} 42. Bd3+ {[%emt 0:0:39]} Kf4 {[%emt 0:0:6]} 43. Kg2 {[%emt 0:0:2]} Ne3+ {[%emt 0:0:15]} 44. Kf2 {[%emt 0:0:1]} Nd5 {[%emt 0:0:3]
} 45. Bc4 {[%emt 0:0:11]} Bd4+ {[%emt 0:0:18]} 46. Ke2 {[%emt 0:0:8]
} Nc3+ {[%emt 0:0:9]} 47. Kd3 {[%emt 0:0:3]} Nd1 {[%emt 0:0:0]} 48. h4 {[%emt 0:0:35]} h5 {[%emt 0:0:12]} 49. Re6 {[%emt 0:0:16]} Nf2+ {[%emt 0:0:10]} 50. Ke2 {[%emt 0:0:6]} Ne4 {[%emt 0:0:6]} 51. Rxb6 {[%emt 0:0:12]
} Bc3 {[%emt 0:0:3]} 52. Bd5 {[%emt 0:0:29]} Ng3+ {[%emt 0:0:0]} 53. Kd3 {[%emt 0:0:2]} Bb4 {[%emt 0:0:20]} 54. Be6 {[%emt 0:0:14]} Ne4 {[%emt 0:0:10]} 55. Bc8 {[%emt 0:0:9]} Nf2+ {[%emt 0:0:14]} 56. Ke2 {[%emt 0:0:13]
} Ng4 {[%emt 0:0:9]} 57. Rg6 {[%emt 0:0:30]} Ne5 {[%emt 0:0:0]} 58. Rg5 {[%emt 0:0:20]} c4 {[%emt 0:0:1]} 59. bxc4 {[%emt 0:0:9]} Nxc4 {[%emt 0:0:1]} 60. Be6 {[%emt 0:0:47]} Nd6 {[%emt 0:0:29]} 61. Rxh5 {[%emt 0:0:11]
} Kg3 {[%emt 0:0:1]} 62. Kd3 {[%emt 0:0:21]} Ne8 {[%emt 0:0:0]} 63. Rh8 {[%emt 0:0:6]} Nf6 {[%emt 0:0:5]} 64. h5 {[%emt 0:0:3]} Kh4 {[%emt 0:0:2]} 65. Bf7 {[%emt 0:0:8]} Kg5 {[%emt 0:0:3]} 66. Rb8 {[%emt 0:0:5]
} Nd7 {[%emt 0:0:13]} 67. Rg8+ {[%emt 0:0:8]} Kh6 {[%emt 0:0:0]} 68. Rg6+ {[%emt 0:0:17]} Kh7 {[%emt 0:0:3]} 69. Ke4 {[%emt 0:0:11]} Nc5+ {[%emt 0:0:1]} 70. Kf5 {[%emt 0:0:1]} Nxa4 {[%emt 0:0:6]} 71. Rc6 {[%emt 0:0:22]
} Nc5 {[%emt 0:0:17]} 72. Bg6+ {[%emt 0:0:3]} Kh8 {[%emt 0:0:0]} 73. Rc8+ {[%emt 0:0:6]} Kg7 {[%emt 0:0:2]} 74. Rc7+ {[%emt 0:0:1]} Kh8 {[%emt 0:0:2]} 75. h6 {[%emt 0:0:2]} 1-0

[Event "FIDE World Rapid-ch Open 2018"]
[White "Melkumyan, Hrant"]
[Black "Sychev, Klementy"]
[Site "St. Petersburg"]
[Round "3.41"]
[Annotator "ChessBase"]
[Result "0-1"]
[Date "2018.12.26"]
[WhiteElo "2670"]
[BlackElo "2537"]
[PlyCount "118"]
[TimeControl "900+10"]

1. Nf3 {[%emt 0:0:0]} Nf6 {[%emt 0:0:0]} 2. c4 {[%emt 0:0:0]} g6 {[%emt 0:0:0]
} 3. Nc3 {[%emt 0:0:0]} d5 {[%emt 0:0:0]} 4. cxd5 {[%emt 0:0:0]} Nxd5 {[%emt 0:0:0]} 5. h4 {[%emt 0:0:11]} Bg7 {[%emt 0:0:10]} 6. e4 {[%emt 0:0:3]} Nxc3 {[%emt 0:0:3]} 7. dxc3 {[%emt 0:0:3]} Qxd1+ {[%emt 0:0:0]} 8. Kxd1 {[%emt 0:0:2]} Nd7 {[%emt 0:0:5]} 9. Nd4 {[%emt 0:0:33]} c5 {[%emt 0:1:12]} 10. Nb5 {[%emt 0:0:18]} Kd8 {[%emt 0:5:55]} 11. a4 {[%emt 0:0:8]
} b6 {[%emt 0:0:20]} 12. Kc2 {[%emt 0:0:25]} Bb7 {[%emt 0:0:0]} 13. f3 {[%emt 0:0:2]} Bc6 {[%emt 0:1:5]} 14. Bf4 {[%emt 0:4:55]} Be5 {[%emt 0:2:34]} 15. Bxe5 {[%emt 0:1:25]} Nxe5 {[%emt 0:0:2]} 16. b3 {[%emt 0:2:15]
} a6 {[%emt 0:1:34]} 17. Na3 {[%emt 0:0:2]} e6 {[%emt 0:0:14]
} 18. Be2 {[%emt 0:0:12]} Ke7 {[%emt 0:0:2]} 19. Kd2 {[%emt 0:0:8]} f5 {[%emt 0:0:23]
} 20. f4 {[%emt 0:1:50]} Nd7 {[%emt 0:0:47]} 21. e5 {[%emt 0:0:0]} Bxg2 {[%emt 0:0:27]} 22. Rhg1 {[%emt 0:0:1]} Bd5 {[%emt 0:0:4]} 23. Nc4 {[%emt 0:0:2]} Bxc4 {[%emt 0:2:27]} 24. Bxc4 {[%emt 0:0:2]} Rad8 {[%emt 0:0:23]
} 25. Ke3 {[%emt 0:0:9]} Nb8 {[%emt 0:0:10]} 26. h5 {[%emt 0:0:0]} Rhg8 {[%emt 0:0:33]} 27. Rg5 {[%emt 0:0:21]} Nc6 {[%emt 0:0:33]} 28. hxg6 {[%emt 0:0:52]} Rxg6 {[%emt 0:0:3]} 29. Rxg6 {[%emt 0:0:16]} hxg6 {[%emt 0:0:2]
} 30. Rh1 {[%emt 0:0:1]} Rf8 {[%emt 0:0:19]} 31. Rh6 {[%emt 0:0:0]} Na5 {[%emt 0:0:8]} 32. Bxa6 {[%emt 0:0:2]} Nxb3 {[%emt 0:0:2]} 33. Rxg6 {[%emt 0:0:3]} Na5 {[%emt 0:0:8]} 34. Bb5 {[%emt 0:0:7]} Kf7 {[%emt 0:0:19]
} 35. Rh6 {[%emt 0:0:7]} Ke7 {[%emt 0:0:6]} 36. Kf3 {[%emt 0:0:0]} Rf7 {[%emt 0:0:8]} 37. Rh8 {[%emt 0:0:11]} Rf8 {[%emt 0:0:2]} 38. Rh1 {[%emt 0:0:2]} Nb7 {[%emt 0:0:30]} 39. Kf2 {[%emt 0:0:50]} Na5 {[%emt 0:0:6]
} 40. Ke2 {[%emt 0:0:3]} Nb7 {[%emt 0:0:5]} 41. Bc4 {[%emt 0:0:0]} Na5 {[%emt 0:0:4]} 42. Ba2 {[%emt 0:0:2]} c4 {[%emt 0:0:18]} 43. Ke3 {[%emt 0:2:13]} Rg8 {[%emt 0:0:7]} 44. Rh7+ {[%emt 0:0:14]} Kd8 {[%emt 0:0:8]
} 45. Rh6 {[%emt 0:0:15]} Rg3+ {[%emt 0:0:12]} 46. Kf2 {[%emt 0:0:4]
} Rxc3 {[%emt 0:0:3]} 47. Bb1 {[%emt 0:0:8]} Rc1 {[%emt 0:0:0]} 48. Bxf5 {[%emt 0:0:18]} exf5 {[%emt 0:0:2]} 49. Ke3 {[%emt 0:0:2]} Rd1 {[%emt 0:0:9]} 50. Ke2 {[%emt 0:0:8]} Rd5 {[%emt 0:0:20]} 51. Rxb6 {[%emt 0:0:5]
} c3 {[%emt 0:0:1]} 52. Rb5 {[%emt 0:0:14]} Rxb5 {[%emt 0:0:0]} 53. axb5 {[%emt 0:0:1]} Nc4 {[%emt 0:0:18]} 54. Kd3 {[%emt 0:0:4]} c2 {[%emt 0:0:5]} 55. Kxc2 {[%emt 0:0:1]} Na3+ {[%emt 0:0:16]} 56. Kd3 {[%emt 0:0:8]
} Nxb5 {[%emt 0:0:3]} 57. Kc4 {[%emt 0:0:27]} Nc7 {[%emt 0:0:0]} 58. e6 {[%emt 0:0:18]} Ke7 {[%emt 0:0:3]} 59. Kd4 {[%emt 0:0:4]} Kxe6 {[%emt 0:0:2]} 0-1

[Event "FIDE World Rapid-ch Open 2018"]
[White "Grachev, Boris"]
[Black "Popov, Ivan"]
[Site "St. Petersburg"]
[Round "3.42"]
[Annotator "ChessBase"]
[Result "1/2-1/2"]
[Date "2018.12.26"]
[WhiteElo "2626"]
[BlackElo "2592"]
[PlyCount "32"]
[TimeControl "900+10"]

1. e4 {[%emt 0:0:14]} e5 {[%emt 0:0:0]} 2. Nf3 {[%emt 0:0:14]} Nc6 {[%emt 0:0:6]
} 3. Bb5 {[%emt 0:0:6]} a6 {[%emt 0:0:15]} 4. Ba4 {[%emt 0:0:0]} Nf6 {[%emt 0:0:5]} 5. 0-0 {[%emt 0:0:8]} Nxe4 {[%emt 0:0:15]} 6. d4 {[%emt 0:1:18]
} b5 {[%emt 0:0:7]} 7. Bb3 {[%emt 0:0:2]} d5 {[%emt 0:0:2]} 8. dxe5 {[%emt 0:0:2]} Be6 {[%emt 0:0:2]} 9. Qe2 {[%emt 0:1:28]} Nc5 {[%emt 0:1:19]
} 10. Rd1 {[%emt 0:0:27]} Nxb3 {[%emt 0:1:16]} 11. axb3 {[%emt 0:0:10]
} Be7 {[%emt 0:0:34]} 12. c4 {[%emt 0:0:32]} b4 {[%emt 0:0:12]
} 13. cxd5 {[%emt 0:1:40]} Bxd5 {[%emt 0:0:3]} 14. Qd3 {[%emt 0:1:4]} Be4 {[%emt 0:0:20]} 15. Qe2 {[%emt 0:0:30]} Bd5 {[%emt 0:0:4]} 16. Qd3 {[%emt 0:0:3]
} Be4 {[%emt 0:0:2]} 1/2-1/2

[Event "FIDE World Rapid-ch Open 2018"]
[White "Hovhannisyan, Robert"]
[Black "Saric, Ivan"]
[Site "St. Petersburg"]
[Round "3.43"]
[Annotator "ChessBase"]
[Result "1-0"]
[Date "2018.12.26"]
[WhiteElo "2637"]
[BlackElo "2695"]
[PlyCount "97"]
[TimeControl "900+10"]

1. e4 {[%emt 0:0:0]} g6 {[%emt 0:0:0]} 2. d4 {[%emt 0:0:0]} d6 {[%emt 0:0:0]} 3. Nc3 {[%emt 0:0:5]} Bg7 {[%emt 0:0:0]} 4. Be3 {[%emt 0:0:10]} Nd7 {[%emt 0:0:2]} 5. Nf3 {[%emt 0:0:23]} a6 {[%emt 0:0:8]} 6. Bc4 {[%emt 0:0:53]
} e6 {[%emt 0:0:8]} 7. a4 {[%emt 0:0:4]} Ne7 {[%emt 0:0:13]} 8. a5 {[%emt 0:0:23]} 0-0 {[%emt 0:0:48]} 9. Qd2 {[%emt 0:0:23]} Nf6 {[%emt 0:1:25]
} 10. Bd3 {[%emt 0:0:36]} Ng4 {[%emt 0:0:45]} 11. Bg5 {[%emt 0:0:0]} h6 {[%emt 0:0:42]} 12. Bh4 {[%emt 0:0:10]} g5 {[%emt 0:0:5]} 13. h3 {[%emt 0:0:37]} Ne5 {[%emt 0:0:47]} 14. dxe5 {[%emt 0:1:4]} gxh4 {[%emt 0:0:0]} 15. exd6 {[%emt 0:0:25]} cxd6 {[%emt 0:0:55]} 16. Nxh4 {[%emt 0:0:0]} Nc6 {[%emt 0:0:48]} 17. Nf3 {[%emt 0:0:16]} Nxa5 {[%emt 0:0:8]} 18. Ne2 {[%emt 0:0:18]} Nc6 {[%emt 0:0:15]} 19. c3 {[%emt 0:0:2]} d5 {[%emt 0:0:0]} 20. exd5 {[%emt 0:1:8]} Qxd5 {[%emt 0:0:27]} 21. 0-0 {[%emt 0:1:26]
} Rd8 {[%emt 0:0:13]} 22. Rfd1 {[%emt 0:0:19]} Qc5 {[%emt 0:0:41]} 23. Ng3 {[%emt 0:0:14]
} Bd7 {[%emt 0:0:21]} 24. Ne4 {[%emt 0:2:0]} Qe7 {[%emt 0:0:0]} 25. Qe2 {[%emt 0:0:40]} Be8 {[%emt 0:0:14]} 26. Ng3 {[%emt 0:0:6]} Rd5 {[%emt 0:0:46]} 27. Be4 {[%emt 0:1:20]} Rxd1+ {[%emt 0:0:3]} 28. Rxd1 {[%emt 0:0:2]
} Rd8 {[%emt 0:0:33]} 29. Rxd8 {[%emt 0:0:3]} Nxd8 {[%emt 0:0:0]} 30. Bc2 {[%emt 0:0:9]} Qc5 {[%emt 0:0:50]} 31. Nf5 {[%emt 0:0:56]} Bb5 {[%emt 0:5:32]} 32. Qd2 {[%emt 0:0:6]} exf5 {[%emt 0:0:26]} 33. Qxd8+ {[%emt 0:0:3]
} Qf8 {[%emt 0:0:23]} 34. Qd5 {[%emt 0:0:48]} Bc6 {[%emt 0:0:0]} 35. Qxf5 {[%emt 0:0:13]} Qe7 {[%emt 0:0:14]} 36. Qc8+ {[%emt 0:1:29]} Qe8 {[%emt 0:0:3]} 37. Qxe8+ {[%emt 0:0:25]} Bxe8 {[%emt 0:0:1]} 38. Nd4 {[%emt 0:0:25]
} a5 {[%emt 0:0:44]} 39. Be4 {[%emt 0:1:4]} b5 {[%emt 0:0:12]
} 40. Bc6 {[%emt 0:0:24]} Bxc6 {[%emt 0:0:14]} 41. Nxc6 {[%emt 0:0:1]} a4 {[%emt 0:0:1]
} 42. Kf1 {[%emt 0:0:21]} Kf8 {[%emt 0:0:21]} 43. Ke2 {[%emt 0:0:0]} Ke8 {[%emt 0:0:11]} 44. Kd3 {[%emt 0:0:9]} Kd7 {[%emt 0:0:5]} 45. Nd4 {[%emt 0:0:4]} b4 {[%emt 0:0:15]} 46. cxb4 {[%emt 0:0:4]} Kc7 {[%emt 0:0:0]
} 47. Nb5+ {[%emt 0:0:9]} Kb6 {[%emt 0:0:6]} 48. Nc3 {[%emt 0:0:3]
} h5 {[%emt 0:0:4]} 49. Kc4 {[%emt 0:0:11]} 1-0

[Event "FIDE World Rapid-ch Open 2018"]
[White "Savchenko, Boris"]
[Black "Golubov, Saveliy"]
[Site "St. Petersburg"]
[Round "3.44"]
[Annotator "ChessBase"]
[Result "1-0"]
[Date "2018.12.26"]
[WhiteElo "2562"]
[BlackElo "2482"]
[PlyCount "78"]
[TimeControl "900+10"]

1. e4 {[%emt 0:0:0]} c5 {[%emt 0:0:0]} 2. Nc3 {[%emt 0:0:10]} e6 {[%emt 0:0:0]} 3. Nf3 {[%emt 0:0:3]} d5 {[%emt 0:0:0]} 4. exd5 {[%emt 0:0:3]} exd5 {[%emt 0:0:0]} 5. Bb5+ {[%emt 0:0:49]} Nc6 {[%emt 0:0:0]} 6. 0-0 {[%emt 0:2:49]
} Nf6 {[%emt 0:0:15]} 7. Re1+ {[%emt 0:2:11]} Be7 {[%emt 0:0:0]} 8. Ne5 {[%emt 0:3:1]} Bd7 {[%emt 0:0:22]} 9. Bxc6 {[%emt 0:1:37]} bxc6 {[%emt 0:1:20]} 10. b3 {[%emt 0:0:28]} 0-0 {[%emt 0:0:25]} 11. Ba3 {[%emt 0:0:0]} Re8 {[%emt 0:6:30]} 12. Na4 {[%emt 0:0:56]} Bd6 {[%emt 0:2:8]} 13. d4 {[%emt 0:0:6]} Ne4 {[%emt 0:1:47]} 14. Bxc5 {[%emt 0:0:20]} Bxc5 {[%emt 0:0:52]
} 15. Rxe4 {[%emt 0:0:8]} dxe4 {[%emt 0:0:38]} 16. Nxc5 {[%emt 0:0:2]
} Bf5 {[%emt 0:0:4]} 17. c3 {[%emt 0:0:36]} Qd5 {[%emt 0:0:0]} 18. Nc4 {[%emt 0:0:44]} Bg6 {[%emt 0:0:0]} 19. a4 {[%emt 0:0:15]} h5 {[%emt 0:0:7]
} 20. a5 {[%emt 0:0:19]} Qg5 {[%emt 0:0:18]} 21. Qc1 {[%emt 0:0:0]} Qf6 {[%emt 0:0:6]} 22. a6 {[%emt 0:0:20]} h4 {[%emt 0:0:5]} 23. h3 {[%emt 0:0:2]} Rab8 {[%emt 0:0:33]} 24. b4 {[%emt 0:0:10]} Rbd8 {[%emt 0:0:0]} 25. Qe3 {[%emt 0:0:41]} Kh7 {[%emt 0:0:6]} 26. Re1 {[%emt 0:0:38]} Re7 {[%emt 0:0:12]} 27. Ne5 {[%emt 0:0:8]} Rxe5 {[%emt 0:0:20]} 28. dxe5 {[%emt 0:0:5]
} Qxe5 {[%emt 0:0:2]} 29. Nxe4 {[%emt 0:1:41]} f6 {[%emt 0:0:0]} 30. Nc5 {[%emt 0:0:20]} Qd5 {[%emt 0:0:5]} 31. Qf4 {[%emt 0:0:16]} Kg8 {[%emt 0:0:16]} 32. Qxh4 {[%emt 0:0:19]} Qd2 {[%emt 0:0:7]} 33. Re3 {[%emt 0:0:4]
} Qc1+ {[%emt 0:0:5]} 34. Kh2 {[%emt 0:0:2]} Rd1 {[%emt 0:0:0]} 35. Qg4 {[%emt 0:0:37]} Rh1+ {[%emt 0:0:11]} 36. Kg3 {[%emt 0:0:3]} Qc2 {[%emt 0:0:27]} 37. Qc4+ {[%emt 0:0:19]} Kh8 {[%emt 0:0:16]} 38. Ne6 {[%emt 0:0:5]
} Qf5 {[%emt 0:0:18]} 39. Qxc6 {[%emt 0:0:20]} Qc2 {[%emt 0:0:0]} 1-0